<?xml version="1.0" encoding="UTF-8"?>
<record
    xmlns:xsi="http://www.w3.org/2001/XMLSchema-instance"
    xsi:schemaLocation="http://www.loc.gov/MARC21/slim http://www.loc.gov/standards/marcxml/schema/MARC21slim.xsd"
    xmlns="http://www.loc.gov/MARC21/slim">

  <leader>04046njm a2200577Ia 4500</leader>
  <controlfield tag="001">23907</controlfield>
  <controlfield tag="003">IT-RoPAU</controlfield>
  <controlfield tag="005">20220918181120.0</controlfield>
  <controlfield tag="008">131025s9999    xx            000 0 und d</controlfield>
  <datafield tag="040" ind1=" " ind2=" ">
    <subfield code="a">IT-RoPAU</subfield>
  </datafield>
  <datafield tag="040" ind1=" " ind2=" ">
    <subfield code="c">IT-RoPAU</subfield>
  </datafield>
  <datafield tag="041" ind1=" " ind2=" ">
    <subfield code="a">ITALIANO</subfield>
  </datafield>
  <datafield tag="999" ind1=" " ind2=" ">
    <subfield code="c">99758</subfield>
    <subfield code="d">99758</subfield>
  </datafield>
  <datafield tag="999" ind1=" " ind2=" ">
    <subfield code="b">n.d.</subfield>
  </datafield>
  <datafield tag="100" ind1=" " ind2=" ">
    <subfield code="a">AA.VV.</subfield>
    <subfield code="9">794</subfield>
  </datafield>
  <datafield tag="100" ind1=" " ind2=" ">
    <subfield code="e">Autore musica</subfield>
    <subfield code="9">7362</subfield>
  </datafield>
  <datafield tag="100" ind1=" " ind2=" ">
    <subfield code="g">Codice autore musica SPICS: 12000</subfield>
    <subfield code="9">796</subfield>
  </datafield>
  <datafield tag="245" ind1=" " ind2=" ">
    <subfield code="a">Juke box-I grandi successi italiani vol.08 (canzoni mediterranee)</subfield>
  </datafield>
  <datafield tag="250" ind1=" " ind2=" ">
    <subfield code="a">2a ed.</subfield>
  </datafield>
  <datafield tag="260" ind1=" " ind2=" ">
    <subfield code="a">ITALIA</subfield>
  </datafield>
  <datafield tag="260" ind1=" " ind2=" ">
    <subfield code="b">SELEZIONE</subfield>
    <subfield code="c">1980 [1a Ed.:1972]</subfield>
  </datafield>
  <datafield tag="300" ind1=" " ind2=" ">
    <subfield code="a">DISCO</subfield>
  </datafield>
  <datafield tag="500" ind1=" " ind2=" ">
    <subfield code="a">Migliori successi italiani. Canzone italiana.</subfield>
  </datafield>
  <datafield tag="505" ind1=" " ind2=" ">
    <subfield code="a">Amore caro, amore bello (Lauzi Bruno) - Fin che la barca va (Berti Orietta) - E' ancora giorno (Pappalardo Adriano) - Era il tempo delle more (Reitano Mino) - Donna felicit&#xE0; (I Nuovi Angeli) - Grande grande grande (Renis Tony) - Che sar&#xE0; (I Ricchi e Poveri) - Quattro marzo 1943 (Dalla Lucio) - Io vagabondo [(Che non sono altro) (I Nomadi)] - Montagne verdi (Bella Marcella) - Chitarra suona pi&#xF9; piano (Di Bari Nicola) - Semo gente de borgata (I Vianella)</subfield>
  </datafield>
  <datafield tag="650" ind1=" " ind2=" ">
    <subfield code="a">CANZONE ITALIAN [DISCHI]</subfield>
    <subfield code="e">Codice MATERIA SPICS: 9950</subfield>
    <subfield code="9">7363</subfield>
  </datafield>
  <datafield tag="700" ind1=" " ind2=" ">
    <subfield code="a">Mogol (Rapetti Giulio)</subfield>
    <subfield code="d">Codice autore musica SPICS: 13643</subfield>
    <subfield code="e">Autore musica</subfield>
    <subfield code="p">Amore caro, amore bello - E' ancora giorno</subfield>
    <subfield code="9">7364</subfield>
  </datafield>
  <datafield tag="700" ind1=" " ind2=" ">
    <subfield code="a">Battisti Lucio</subfield>
    <subfield code="d">Codice autore testo/musica SPICS: 10746</subfield>
    <subfield code="e">Autore testo/musica</subfield>
    <subfield code="p">Amore caro, amore bello - E' ancora giorno</subfield>
    <subfield code="9">7365</subfield>
  </datafield>
  <datafield tag="700" ind1=" " ind2=" ">
    <subfield code="a">Pace Daniele</subfield>
    <subfield code="d">Codice autore musica SPICS: 13856</subfield>
    <subfield code="e">Autore musica</subfield>
    <subfield code="p">Fin che la barca va</subfield>
    <subfield code="9">7366</subfield>
  </datafield>
  <datafield tag="700" ind1=" " ind2=" ">
    <subfield code="a">Pilat</subfield>
    <subfield code="d">Codice autore testo/musica SPICS: 14084</subfield>
    <subfield code="e">Autore testo/musica</subfield>
    <subfield code="p">Fin che la barca va</subfield>
    <subfield code="9">7367</subfield>
  </datafield>
  <datafield tag="700" ind1=" " ind2=" ">
    <subfield code="a">Reitano Mino</subfield>
    <subfield code="d">Codice autore musica SPICS: 14086</subfield>
    <subfield code="e">Autore musica</subfield>
    <subfield code="p">Era il tempo delle more</subfield>
    <subfield code="9">7368</subfield>
  </datafield>
  <datafield tag="700" ind1=" " ind2=" ">
    <subfield code="a">Beretta Luciano</subfield>
    <subfield code="d">Codice autore testo/musica SPICS: 13864</subfield>
    <subfield code="e">Autore testo/musica</subfield>
    <subfield code="p">Era il tempo delle more</subfield>
    <subfield code="9">7369</subfield>
  </datafield>
  <datafield tag="700" ind1=" " ind2=" ">
    <subfield code="a">Lo Vecchio A.</subfield>
    <subfield code="d">Codice autore musica SPICS: 18919</subfield>
    <subfield code="e">Autore musica</subfield>
    <subfield code="p">Donna felicit&#xE0;</subfield>
    <subfield code="9">7370</subfield>
  </datafield>
  <datafield tag="700" ind1=" " ind2=" ">
    <subfield code="a">Pareti R.</subfield>
    <subfield code="d">Codice autore SPICS: 14344</subfield>
    <subfield code="e">Autore</subfield>
    <subfield code="p">Donna felicit&#xE0;</subfield>
    <subfield code="9">7371</subfield>
  </datafield>
  <datafield tag="700" ind1=" " ind2=" ">
    <subfield code="a">Vecchioni Roberto</subfield>
    <subfield code="d">Codice autore testo/musica SPICS: 11192</subfield>
    <subfield code="e">Autore testo/musica</subfield>
    <subfield code="p">Donna felicit&#xE0;</subfield>
    <subfield code="9">7372</subfield>
  </datafield>
  <datafield tag="700" ind1=" " ind2=" ">
    <subfield code="a">Testa Michele (=Gill Armando)</subfield>
    <subfield code="d">Codice autore musica SPICS: 13131</subfield>
    <subfield code="e">Autore musica</subfield>
    <subfield code="p">Grande grande grande</subfield>
    <subfield code="9">7373</subfield>
  </datafield>
  <datafield tag="700" ind1=" " ind2=" ">
    <subfield code="a">Renis Tony</subfield>
    <subfield code="d">Codice autore testo/musica SPICS: 13845</subfield>
    <subfield code="e">Autore testo/musica</subfield>
    <subfield code="p">Grande grande grande</subfield>
    <subfield code="9">7374</subfield>
  </datafield>
  <datafield tag="700" ind1=" " ind2=" ">
    <subfield code="a">Migliacci Franco</subfield>
    <subfield code="d">Codice autore musica SPICS: 13653</subfield>
    <subfield code="e">Autore musica</subfield>
    <subfield code="p">Che sar&#xE0;</subfield>
    <subfield code="9">7375</subfield>
  </datafield>
  <datafield tag="700" ind1=" " ind2=" ">
    <subfield code="a">Fontana Jimmy</subfield>
    <subfield code="d">Codice autore SPICS: 10905</subfield>
    <subfield code="e">Autore</subfield>
    <subfield code="p">Che sar&#xE0;</subfield>
    <subfield code="9">7376</subfield>
  </datafield>
  <datafield tag="700" ind1=" " ind2=" ">
    <subfield code="a">Pes </subfield>
    <subfield code="d">Codice autore testo/musica SPICS: 16100</subfield>
    <subfield code="e">Autore testo/musica</subfield>
    <subfield code="p">Che sar&#xE0;</subfield>
    <subfield code="9">7377</subfield>
  </datafield>
  <datafield tag="700" ind1=" " ind2=" ">
    <subfield code="a">Dalla Lucio</subfield>
    <subfield code="d">Codice autore musica SPICS: 10843</subfield>
    <subfield code="e">Autore musica</subfield>
    <subfield code="p">Quattro marzo 1943</subfield>
    <subfield code="9">7378</subfield>
  </datafield>
  <datafield tag="700" ind1=" " ind2=" ">
    <subfield code="a">Pallottino P.</subfield>
    <subfield code="d">Codice autore testo/musica SPICS: 16120</subfield>
    <subfield code="e">Autore testo/musica</subfield>
    <subfield code="p">Quattro marzo 1943</subfield>
    <subfield code="9">7379</subfield>
  </datafield>
  <datafield tag="700" ind1=" " ind2=" ">
    <subfield code="a">Salerno A.</subfield>
    <subfield code="d">Codice autore musica SPICS: 14302</subfield>
    <subfield code="e">Autore musica</subfield>
    <subfield code="p">Io vagabondo (Che non sono altro)</subfield>
    <subfield code="9">7380</subfield>
  </datafield>
  <datafield tag="700" ind1=" " ind2=" ">
    <subfield code="a">Dattoli D.</subfield>
    <subfield code="d">Codice autore testo/musica SPICS: 15623</subfield>
    <subfield code="e">Autore testo/musica</subfield>
    <subfield code="p">Io vagabondo (Che non sono altro)</subfield>
    <subfield code="9">7381</subfield>
  </datafield>
  <datafield tag="700" ind1=" " ind2=" ">
    <subfield code="a">Bigazzi Giancarlo</subfield>
    <subfield code="d">Codice autore musica SPICS: 13839</subfield>
    <subfield code="e">Autore musica</subfield>
    <subfield code="p">Montagne verdi</subfield>
    <subfield code="9">7382</subfield>
  </datafield>
  <datafield tag="700" ind1=" " ind2=" ">
    <subfield code="a">Bella Gianni</subfield>
    <subfield code="d">Codice autore testo/musica SPICS: 13859</subfield>
    <subfield code="e">Autore testo/musica</subfield>
    <subfield code="p">Montagne verdi</subfield>
    <subfield code="9">7383</subfield>
  </datafield>
  <datafield tag="700" ind1=" " ind2=" ">
    <subfield code="a">Di Bari Nicola</subfield>
    <subfield code="d">Codice autore musica SPICS: 14083</subfield>
    <subfield code="e">Autore musica</subfield>
    <subfield code="p">Chitarra suona pi&#xF9; piano</subfield>
    <subfield code="9">7384</subfield>
  </datafield>
  <datafield tag="700" ind1=" " ind2=" ">
    <subfield code="a">Marrocchi Marcello</subfield>
    <subfield code="d">Codice autore SPICS: 7419</subfield>
    <subfield code="e">Autore</subfield>
    <subfield code="p">Chitarra suona pi&#xF9; piano</subfield>
    <subfield code="9">7385</subfield>
  </datafield>
  <datafield tag="700" ind1=" " ind2=" ">
    <subfield code="a">Evangelisti</subfield>
    <subfield code="d">Codice autore testo/musica SPICS: 24576</subfield>
    <subfield code="e">Autore testo/musica</subfield>
    <subfield code="p">Chitarra suona pi&#xF9; piano</subfield>
    <subfield code="9">7386</subfield>
  </datafield>
  <datafield tag="700" ind1=" " ind2=" ">
    <subfield code="a">Califano Aniello</subfield>
    <subfield code="d">Codice autore musica SPICS: 13470</subfield>
    <subfield code="e">Autore musica</subfield>
    <subfield code="p">Semo gente de borgata</subfield>
    <subfield code="9">7387</subfield>
  </datafield>
  <datafield tag="700" ind1=" " ind2=" ">
    <subfield code="a">Piacente</subfield>
    <subfield code="d">Codice autore testo/musica SPICS: 26100</subfield>
    <subfield code="e">Autore testo/musica</subfield>
    <subfield code="p">Semo gente de borgata</subfield>
    <subfield code="9">7388</subfield>
  </datafield>
  <datafield tag="942" ind1=" " ind2=" ">
    <subfield code="c">MD</subfield>
    <subfield code="2">ddc</subfield>
  </datafield>
  <datafield tag="952" ind1=" " ind2=" ">
    <subfield code="0">0</subfield>
    <subfield code="1">0</subfield>
    <subfield code="4">0</subfield>
    <subfield code="6">23907_000000000000000</subfield>
    <subfield code="7">1</subfield>
    <subfield code="a">SPICS</subfield>
    <subfield code="b">SPICS</subfield>
    <subfield code="d">2013-10-25</subfield>
    <subfield code="l">0</subfield>
    <subfield code="o">23907</subfield>
    <subfield code="r">2013-10-25 00:00:00</subfield>
    <subfield code="w">2013-10-25</subfield>
    <subfield code="y">MD</subfield>
    <subfield code="z">Progr. Ins.: 4754 / N.Vol.: 1 / Copie: 1 - Copia rara: n.d. / date import: 01.01.2014 - By Epidotti, Trombetti, Vaglietti</subfield>
  </datafield>
</record>
